| 000 | 00575nam a2200193 a 4500 | ||
|---|---|---|---|
| 005 | 20210223121316.0 | ||
| 008 | 991125s1992 mx 000 0 spa u | ||
| 020 | _a9682929422 | ||
| 035 | _aUPN01000015559 | ||
| 049 | _aI | ||
| 050 | 4 |
_aPZ76.3 _bT5.38 |
|
| 100 | 1 |
_aTison, Annette, _d1942- _933266 |
|
| 245 | 1 | 0 |
_aDientes y cuernos / _cAnnette Tison, Talus Taylor ; tr. Isabel Vericat. |
| 260 |
_aMéxico : _bSEP, _c1992. |
||
| 300 |
_a36 p. : _bil. |
||
| 650 | 4 |
_aANIMALES - _vLITERATURA JUVENIL _91062 |
|
| 700 | 1 |
_aTaylor, Talus, _d1933- _ecoaut. _933267 |
|
| 905 | _aInfantil | ||
| 999 |
_c15559 _d15559 |
||